| 000 | 00525nam a2200217Ia 4500 | ||
|---|---|---|---|
| 001 | 14543 | ||
| 003 | GE_BSU | ||
| 008 | 181216s||||||||xx |||||||||||||| ||und|| | ||
| 020 | _a1401904599 | ||
| 040 | _cGE_BSU | ||
| 080 | _a1 | ||
| 100 | _aChick,Esther and Jerry | ||
| 245 | _aAsk and it is Given. Learning to Manifest your Desires | ||
| 260 | _aLondon | ||
| 260 | _bHay House | ||
| 260 | _c2005 | ||
| 300 | _a314p.22cm. | ||
| 653 | _aAsk and it is Given | ||
| 653 | _aLearning to Manifest your Desires | ||
| 942 | _cBK | ||
| 999 |
_c47674 _d47674 |
||